000 00643nam a2200277Ia 4500
005 20260324133155.0
008 008 260324s9999 xx 000 0 eng d
020 _a9781315059976
037 _aEBOOK
040 _aCRL
040 _beng
040 _cCRL
041 _2eng
041 _aeng
084 _qCRL
100 _aAnnika Bluhm
_91192070
245 4 _aThe Theatre Arts Audition Book for Women
260 _bTaylor and Francis
260 _c2003
365 _a
365 _b98.99
856 _uhttp://www.taylorfrancis.com/books/9781315059976
942 _cEBOOK
999 _c1790887
_d1790887